[Event "ODJM B 2024"]
[Site "Willingen GER"]
[Date "2024.05.22"]
[Round "6"]
[White "Prashanthakumar, Arju"]
[Black "Fettig, Konrad"]
[Result "1-0"]
[Termination "normal"]
[Board "28"]
[WhiteElo "1668"]
[BlackElo "1744"]
[WhiteClock "01:16:18"]
[BlackClock "01:19:31"]
[PlyCount "55"]
[WhiteFideId "34604065"]
[BlackFideId "34622888"]
[EventCountry "GER"]
[EventRounds "9"]
[EventType "swiss"]
[EventDate "2024.05.18"]

1. e4 {[%clk 01:30:58]} {[%emt 00:00:02]} c5 {[%clk 01:30:58]} {[%emt
00:00:03]} 2. Nf3 {[%clk 01:31:21]} {[%emt 00:00:06]} d6 {[%clk 01:31:23]}
{[%emt 00:00:05]} 3. d4 {[%clk 01:31:47]} {[%emt 00:00:04]} cxd4 {[%clk
01:31:49]} {[%emt 00:00:04]} 4. Nxd4 {[%clk 01:32:11]} {[%emt 00:00:05]} Nc6
{[%clk 01:32:14]} {[%emt 00:00:06]} 5. Nc3 {[%clk 01:32:06]} {[%emt 00:00:36]}
a6 {[%clk 01:30:55]} {[%emt 00:01:49]} 6. Be3 {[%clk 01:31:33]} {[%emt
00:01:02]} g6 {[%clk 01:30:06]} {[%emt 00:01:18]} 7. Qd2 {[%clk 01:30:34]}
{[%emt 00:01:30]} Bg7 {[%clk 01:27:58]} {[%emt 00:02:39]} 8. f3 {[%clk
01:28:25]} {[%emt 00:02:38]} Nxd4 {[%clk 01:26:36]} {[%emt 00:01:52]} 9. Bxd4
{[%clk 01:28:07]} {[%emt 00:00:48]} Bxd4 {[%clk 01:23:19]} {[%emt 00:03:47]}
10. Qxd4 {[%clk 01:26:52]} {[%emt 00:01:45]} Nf6 {[%clk 01:23:43]} {[%emt
00:00:06]} 11. O-O-O {[%clk 01:26:04]} {[%emt 00:01:18]} Be6 {[%clk 01:22:22]}
{[%emt 00:01:51]} 12. g4 {[%clk 01:24:40]} {[%emt 00:01:54]} b5 {[%clk
01:22:06]} {[%emt 00:00:45]} 13. g5 {[%clk 01:23:48]} {[%emt 00:01:23]} Qa5
{[%clk 01:21:38]} {[%emt 00:00:58]} 14. gxf6 {[%clk 01:23:04]} {[%emt
00:01:14]} b4 {[%clk 01:20:00]} {[%emt 00:02:08]} 15. Nd5 {[%clk 01:20:10]}
{[%emt 00:03:23]} Rc8 {[%clk 01:17:47]} {[%emt 00:02:43]} 16. fxe7 {[%clk
01:18:27]} {[%emt 00:02:14]} Rg8 {[%clk 01:17:38]} {[%emt 00:00:39]} 17. Nf6+
{[%clk 01:15:16]} {[%emt 00:03:41]} Kxe7 {[%clk 01:17:36]} {[%emt 00:00:33]}
18. Nxg8+ {[%clk 01:15:39]} {[%emt 00:00:06]} Rxg8 {[%clk 01:17:58]} {[%emt
00:00:08]} 19. Qxd6+ {[%clk 01:16:02]} {[%emt 00:00:07]} Kf6 {[%clk 01:18:17]}
{[%emt 00:00:12]} 20. Qd4+ {[%clk 01:15:59]} {[%emt 00:00:31]} Ke7 {[%clk
01:18:39]} {[%emt 00:00:09]} 21. Bc4 {[%clk 01:15:27]} {[%emt 00:01:01]} Qg5+
{[%clk 01:19:02]} {[%emt 00:00:07]} 22. Kb1 {[%clk 01:15:41]} {[%emt 00:00:16]}
a5 {[%clk 01:17:50]} {[%emt 00:01:43]} 23. Bxe6 {[%clk 01:15:57]} {[%emt
00:00:13]} fxe6 {[%clk 01:18:16]} {[%emt 00:00:05]} 24. f4 {[%clk 01:15:58]}
{[%emt 00:00:28]} Qb5 {[%clk 01:18:39]} {[%emt 00:00:07]} 25. f5 {[%clk
01:15:59]} {[%emt 00:00:29]} gxf5 {[%clk 01:19:00]} {[%emt 00:00:09]} 26. exf5
{[%clk 01:16:11]} {[%emt 00:00:19]} exf5 {[%clk 01:19:13]} {[%emt 00:00:17]}
27. Rde1+ {[%clk 01:15:59]} {[%emt 00:00:42]} Kf7 {[%clk 01:19:31]} {[%emt
00:00:11]} 28. Qa7+ {[%clk 01:16:18]} {[%emt 00:00:11]} 1-0

[Event "ODJM B 2024"]
[Site "Willingen GER"]
[Date "2024.05.22"]
[Round "6"]
[White "Rodriguez, Philipp"]
[Black "Ziem, Ole"]
[Result "0-1"]
[Termination "normal"]
[Board "29"]
[WhiteElo "1663"]
[BlackElo "1636"]
[WhiteClock "00:14:19"]
[BlackClock "00:38:10"]
[PlyCount "68"]
[WhiteFideId "34659170"]
[BlackFideId "34624791"]
[EventCountry "GER"]
[EventRounds "9"]
[EventType "swiss"]
[EventDate "2024.05.18"]

1. e4 {[%clk 01:30:54]} {[%emt 00:00:05]} e5 {[%clk 01:30:44]} {[%emt
00:00:18]} 2. Nf3 {[%clk 01:31:17]} {[%emt 00:00:07]} Nc6 {[%clk 01:30:54]}
{[%emt 00:00:20]} 3. Bb5 {[%clk 01:31:25]} {[%emt 00:00:22]} a6 {[%clk
01:30:55]} {[%emt 00:00:29]} 4. Ba4 {[%clk 01:31:49]} {[%emt 00:00:05]} Nf6
{[%clk 01:30:53]} {[%emt 00:00:31]} 5. O-O {[%clk 01:32:10]} {[%emt 00:00:10]}
Be7 {[%clk 01:30:50]} {[%emt 00:00:33]} 6. Re1 {[%clk 01:32:27]} {[%emt
00:00:12]} b5 {[%clk 01:30:40]} {[%emt 00:00:41]} 7. Bb3 {[%clk 01:32:52]}
{[%emt 00:00:06]} O-O {[%clk 01:30:52]} {[%emt 00:00:16]} 8. c3 {[%clk
01:33:19]} {[%emt 00:00:04]} d6 {[%clk 01:30:44]} {[%emt 00:00:39]} 9. d4
{[%clk 01:33:42]} {[%emt 00:00:06]} Bg4 {[%clk 01:30:45]} {[%emt 00:00:29]} 10.
Be3 {[%clk 01:34:02]} {[%emt 00:00:10]} Qd7 {[%clk 01:24:04]} {[%emt 00:07:12]}
11. Nbd2 {[%clk 01:29:07]} {[%emt 00:05:24]} h6 {[%clk 01:19:32]} {[%emt
00:05:03]} 12. a4 {[%emt 00:07:55]} Rfb8 {[%clk 01:13:27]} {[%emt 00:06:31]}
13. Qc2 {[%clk 01:17:51]} {[%emt 00:04:23]} exd4 {[%clk 01:04:08]} {[%emt
00:09:50]} 14. cxd4 {[%clk 01:16:01]} {[%emt 00:02:19]} Na5 {[%clk 01:01:21]}
{[%emt 00:03:18]} 15. Ba2 {[%clk 01:11:54]} {[%emt 00:04:36]} bxa4 {[%clk
00:57:18]} {[%emt 00:04:34]} 16. Bb1 {[%clk 01:00:22]} {[%emt 00:12:02]} Nb3
{[%clk 00:50:56]} {[%emt 00:06:53]} 17. Nxb3 {[%clk 00:56:47]} {[%emt
00:04:05]} axb3 {[%clk 00:51:20]} {[%emt 00:00:05]} 18. Qd3 {[%clk 00:56:30]}
{[%emt 00:00:46]} Bxf3 {[%clk 00:50:40]} {[%emt 00:01:11]} 19. gxf3 {[%clk
00:56:53]} {[%emt 00:00:07]} Qb5 {[%clk 00:50:46]} {[%emt 00:00:22]} 20. Qd2
{[%clk 00:49:22]} {[%emt 00:08:03]} Qh5 {[%clk 00:50:12]} {[%emt 00:01:03]} 21.
Qe2 {[%clk 00:45:44]} {[%emt 00:04:08]} Nh7 {[%clk 00:48:46]} {[%emt 00:01:56]}
22. f4 {[%clk 00:39:45]} {[%emt 00:06:30]} Qh3 {[%clk 00:46:06]} {[%emt
00:03:09]} 23. Kh1 {[%clk 00:37:11]} {[%emt 00:03:05]} Nf8 {[%clk 00:41:52]}
{[%emt 00:04:44]} 24. Rg1 {[%clk 00:35:10]} {[%emt 00:02:31]} Bh4 {[%clk
00:40:41]} {[%emt 00:01:39]} 25. Qh5 {[%clk 00:31:36]} {[%emt 00:04:06]} Rb5
{[%clk 00:38:10]} {[%emt 00:02:59]} 26. Qxb5 {[%clk 00:23:05]} {[%emt
00:09:04]} axb5 {[%clk 00:38:20]} {[%emt 00:00:19]} 27. Rxa8 {[%clk 00:23:30]}
{[%emt 00:00:06]} Qf3+ {[%clk 00:38:14]} {[%emt 00:00:36]} 28. Rg2 {[%clk
00:23:54]} {[%emt 00:00:06]} Qe2 {[%clk 00:37:46]} {[%emt 00:00:57]} 29. f5
{[%clk 00:21:32]} {[%emt 00:02:53]} Qxb2 {[%clk 00:37:35]} {[%emt 00:00:41]}
30. Bd3 {[%clk 00:20:46]} {[%emt 00:01:16]} Bf6 {[%clk 00:37:30]} {[%emt
00:00:33]} 31. Bxh6 {[%clk 00:20:37]} {[%emt 00:00:41]} Qxd4 {[%clk 00:37:50]}
{[%emt 00:00:10]} 32. Bb1 {[%clk 00:19:00]} {[%emt 00:02:07]} c5 {[%clk
00:37:59]} {[%emt 00:00:21]} 33. Bf4 {[%clk 00:14:02]} {[%emt 00:05:27]} Qd1+
{[%clk 00:37:47]} {[%emt 00:00:43]} 34. Rg1 {[%clk 00:14:19]} {[%emt 00:00:13]}
Qf3+ {[%clk 00:38:10]} {[%emt 00:00:07]} 0-1

[Event "ODJM B 2024"]
[Site "Willingen GER"]
[Date "2024.05.22"]
[Round "6"]
[White "Kühne, Malin"]
[Black "Studzinski, Bruno"]
[Result "0-1"]
[Termination "normal"]
[Board "30"]
[WhiteElo "1546"]
[BlackElo "1815"]
[WhiteClock "00:04:23"]
[BlackClock "00:01:25"]
[PlyCount "162"]
[WhiteFideId "34619747"]
[BlackFideId "16296478"]
[EventCountry "GER"]
[EventRounds "9"]
[EventType "swiss"]
[EventDate "2024.05.18"]

1. d4 {[%clk 01:30:57]} {[%emt 00:00:01]} Nf6 {[%clk 01:30:50]} {[%emt
00:00:11]} 2. Bf4 {[%clk 01:31:19]} {[%emt 00:00:08]} e6 {[%clk 01:30:53]}
{[%emt 00:00:28]} 3. e3 {[%clk 01:31:34]} {[%emt 00:00:15]} d5 {[%clk
01:31:10]} {[%emt 00:00:13]} 4. Nd2 {[%clk 01:27:38]} {[%emt 00:04:25]} b6
{[%clk 01:31:11]} {[%emt 00:00:30]} 5. Bd3 {[%clk 01:26:06]} {[%emt 00:02:02]}
Bb7 {[%clk 01:31:11]} {[%emt 00:00:30]} 6. Ngf3 {[%clk 01:25:00]} {[%emt
00:01:35]} Be7 {[%clk 01:31:12]} {[%emt 00:00:29]} 7. O-O {[%clk 01:20:43]}
{[%emt 00:04:47]} O-O {[%clk 01:31:37]} {[%emt 00:00:06]} 8. c4 {[%clk
01:15:38]} {[%emt 00:05:34]} c5 {[%clk 01:30:13]} {[%emt 00:01:53]} 9. Rc1
{[%clk 01:08:33]} {[%emt 00:07:35]} Nc6 {[%clk 01:24:55]} {[%emt 00:05:49]} 10.
Nb3 {[%clk 01:04:19]} {[%emt 00:04:44]} cxd4 {[%emt 00:01:27]} 11. Nbxd4 {[%clk
01:02:36]} {[%emt 00:02:04]} Nxd4 {[%clk 01:19:41]} {[%emt 00:04:57]} 12. Nxd4
{[%clk 01:02:12]} {[%emt 00:00:53]} Rc8 {[%clk 01:19:17]} {[%emt 00:00:53]} 13.
Qe2 {[%clk 00:59:06]} {[%emt 00:03:36]} Bd6 {[%clk 01:15:02]} {[%emt 00:04:43]}
14. Bxd6 {[%clk 00:57:56]} {[%emt 00:01:43]} Qxd6 {[%clk 01:15:28]} {[%emt
00:00:04]} 15. Rfd1 {[%clk 00:53:35]} {[%emt 00:04:51]} Rfd8 {[%clk 01:10:05]}
{[%emt 00:05:53]} 16. h3 {[%clk 00:47:15]} {[%emt 00:06:50]} h6 {[%clk
01:10:11]} {[%emt 00:00:24]} 17. cxd5 {[%clk 00:43:01]} {[%emt 00:04:44]} Rxc1
{[%clk 01:10:26]} {[%emt 00:00:15]} 18. Rxc1 {[%clk 00:43:21]} {[%emt
00:00:10]} Qxd5 {[%clk 01:10:44]} {[%emt 00:00:12]} 19. f3 {[%clk 00:39:30]}
{[%emt 00:04:20]} Qxa2 {[%clk 01:04:46]} {[%emt 00:06:29]} 20. Bc4 {[%clk
00:33:25]} {[%emt 00:06:34]} Qa5 {[%clk 01:01:51]} {[%emt 00:03:22]} 21. Bb3
{[%clk 00:29:30]} {[%emt 00:04:28]} Qe5 {[%clk 00:55:11]} {[%emt 00:07:06]} 22.
Rd1 {[%clk 00:23:57]} {[%emt 00:06:07]} Nd5 {[%clk 00:52:36]} {[%emt 00:03:00]}
23. Bxd5 {[%clk 00:22:18]} {[%emt 00:02:13]} Qxd5 {[%clk 00:51:55]} {[%emt
00:01:12]} 24. Rd2 {[%clk 00:18:42]} {[%emt 00:04:06]} Qd7 {[%clk 00:48:01]}
{[%emt 00:04:15]} 25. Rc2 {[%clk 00:17:32]} {[%emt 00:01:49]} e5 {[%clk
00:42:37]} {[%emt 00:05:51]} 26. Nb3 {[%clk 00:17:00]} {[%emt 00:01:05]} Qd1+
{[%clk 00:41:45]} {[%emt 00:01:23]} 27. Qxd1 {[%clk 00:16:28]} {[%emt
00:01:01]} Rxd1+ {[%clk 00:42:13]} {[%emt 00:00:02]} 28. Kf2 {[%clk 00:16:26]}
{[%emt 00:00:32]} Rd7 {[%clk 00:41:27]} {[%emt 00:01:16]} 29. f4 {[%clk
00:14:46]} {[%emt 00:02:08]} exf4 {[%clk 00:40:45]} {[%emt 00:01:13]} 30. exf4
{[%clk 00:15:07]} {[%emt 00:00:09]} Kf8 {[%clk 00:39:47]} {[%emt 00:01:29]} 31.
Ke3 {[%clk 00:14:15]} {[%emt 00:01:21]} Re7+ {[%clk 00:39:13]} {[%emt
00:01:05]} 32. Kf2 {[%clk 00:11:56]} {[%emt 00:02:47]} Rd7 {[%clk 00:38:38]}
{[%emt 00:01:06]} 33. Re2 {[%clk 00:11:09]} {[%emt 00:01:16]} Ba6 {[%clk
00:38:29]} {[%emt 00:00:39]} 34. Re3 {[%clk 00:10:32]} {[%emt 00:01:08]} Bc4
{[%clk 00:37:40]} {[%emt 00:01:14]} 35. Kf3 {[%clk 00:10:04]} {[%emt 00:01:02]}
Bd5+ {[%clk 00:36:19]} {[%emt 00:01:52]} 36. Kg3 {[%clk 00:08:51]} {[%emt
00:01:42]} Bxb3 {[%clk 00:36:30]} {[%emt 00:00:20]} 37. Rxb3 {[%clk 00:09:14]}
{[%emt 00:00:07]} Rd2 {[%clk 00:36:49]} {[%emt 00:00:09]} 38. Kf3 {[%clk
00:09:19]} {[%emt 00:00:26]} Ke7 {[%clk 00:37:00]} {[%emt 00:00:17]} 39. g4
{[%clk 00:09:31]} {[%emt 00:00:21]} g6 {[%clk 00:32:26]} {[%emt 00:05:03]} 40.
Ke4 {[%clk 00:08:18]} {[%emt 00:01:42]} Ke6 {[%clk 00:30:36]} {[%emt 00:02:03]}
41. Ke3 {[%clk 00:05:17]} {[%emt 00:03:50]} Rd5 {[%clk 00:26:26]} {[%emt
00:04:36]} 42. Ke4 {[%clk 00:04:05]} {[%emt 00:01:45]} Rd6 {[%clk 00:21:58]}
{[%emt 00:04:59]} 43. Rb5 {[%clk 00:02:35]} {[%emt 00:01:59]} a6 {[%clk
00:21:52]} {[%emt 00:00:37]} 44. Rb3 {[%clk 00:27:52]} {[%emt 00:05:13]} Rc6
{[%clk 00:49:51]} {[%emt 00:02:31]} 45. Kd4 {[%clk 00:26:16]} {[%emt 00:02:06]}
b5 {[%clk 00:49:57]} {[%emt 00:00:24]} 46. Re3+ {[%clk 00:24:47]} {[%emt
00:01:59]} Kd7 {[%clk 00:49:49]} {[%emt 00:00:36]} 47. Kd5 {[%clk 00:24:31]}
{[%emt 00:00:48]} a5 {[%clk 00:45:50]} {[%emt 00:04:17]} 48. Re2 {[%clk
00:23:00]} {[%emt 00:02:11]} a4 {[%clk 00:33:26]} {[%emt 00:12:56]} 49. Re4
{[%clk 00:22:02]} {[%emt 00:01:27]} a3 {[%clk 00:32:44]} {[%emt 00:01:10]} 50.
bxa3 {[%clk 00:21:28]} {[%emt 00:01:07]} Rc3 {[%clk 00:32:06]} {[%emt
00:01:05]} 51. Rb4 {[%clk 00:19:16]} {[%emt 00:02:45]} Rxa3 {[%clk 00:31:34]}
{[%emt 00:01:02]} 52. Rxb5 {[%clk 00:19:32]} {[%emt 00:00:14]} Rxh3 {[%clk
00:31:00]} {[%emt 00:01:04]} 53. Rb7+ {[%clk 00:19:29]} {[%emt 00:00:33]} Ke8
{[%clk 00:31:20]} {[%emt 00:00:06]} 54. Ke5 {[%clk 00:19:16]} {[%emt 00:00:47]}
Rf3 {[%clk 00:28:45]} {[%emt 00:03:04]} 55. Ra7 {[%clk 00:17:49]} {[%emt
00:01:57]} Kf8 {[%clk 00:28:20]} {[%emt 00:00:54]} 56. f5 {[%clk 00:14:29]}
{[%emt 00:03:52]} gxf5 {[%clk 00:27:47]} {[%emt 00:01:03]} 57. gxf5 {[%clk
00:14:21]} {[%emt 00:00:38]} Kg7 {[%clk 00:27:21]} {[%emt 00:00:55]} 58. Ra2
{[%clk 00:13:32]} {[%emt 00:01:20]} Re3+ {[%clk 00:23:20]} {[%emt 00:04:31]}
59. Kf4 {[%clk 00:13:39]} {[%emt 00:00:23]} Rb3 {[%clk 00:23:33]} {[%emt
00:00:17]} 60. Ra6 {[%clk 00:12:49]} {[%emt 00:01:18]} Rb4+ {[%clk 00:22:38]}
{[%emt 00:01:26]} 61. Kg3 {[%clk 00:12:53]} {[%emt 00:00:26]} h5 {[%clk
00:22:47]} {[%emt 00:00:22]} 62. Rc6 {[%clk 00:09:56]} {[%emt 00:03:27]} Rg4+
{[%clk 00:23:03]} {[%emt 00:00:13]} 63. Kh3 {[%clk 00:09:46]} {[%emt 00:00:41]}
Rf4 {[%clk 00:23:03]} {[%emt 00:00:25]} 64. Rc2 {[%clk 00:08:33]} {[%emt
00:01:47]} Kf6 {[%clk 00:21:14]} {[%emt 00:02:16]} 65. Kg3 {[%clk 00:08:08]}
{[%emt 00:00:56]} Rg4+ {[%clk 00:21:02]} {[%emt 00:00:43]} 66. Kh3 {[%clk
00:08:22]} {[%emt 00:00:17]} Kxf5 {[%clk 00:21:05]} {[%emt 00:00:28]} 67. Rc5+
{[%clk 00:08:25]} {[%emt 00:00:26]} Kg6 {[%clk 00:21:28]} {[%emt 00:00:08]} 68.
Rc6+ {[%clk 00:08:44]} {[%emt 00:00:10]} Kg5 {[%clk 00:18:17]} {[%emt
00:03:41]} 69. Rc8 {[%clk 00:07:44]} {[%emt 00:01:31]} f5 {[%clk 00:18:26]}
{[%emt 00:00:20]} 70. Rg8+ {[%clk 00:07:58]} {[%emt 00:00:15]} Kf4 {[%clk
00:18:49]} {[%emt 00:00:08]} 71. Ra8 {[%clk 00:06:38]} {[%emt 00:01:51]} h4
{[%clk 00:18:57]} {[%emt 00:00:21]} 72. Rb8 {[%clk 00:06:46]} {[%emt 00:00:22]}
Rg1 {[%clk 00:11:20]} {[%emt 00:08:05]} 73. Rb4+ {[%clk 00:06:57]} {[%emt
00:00:22]} Kg5 {[%clk 00:11:32]} {[%emt 00:00:17]} 74. Rb7 {[%clk 00:06:03]}
{[%emt 00:01:24]} Rg3+ {[%clk 00:11:45]} {[%emt 00:00:17]} 75. Kh2 {[%clk
00:06:27]} {[%emt 00:00:06]} Kg4 {[%clk 00:08:46]} {[%emt 00:03:30]} 76. Rb4+
{[%clk 00:04:50]} {[%emt 00:02:07]} f4 {[%clk 00:08:43]} {[%emt 00:00:32]} 77.
Rb7 {[%clk 00:04:46]} {[%emt 00:00:35]} Rh3+ {[%clk 00:01:56]} {[%emt
00:07:17]} 78. Kg1 {[%clk 00:04:33]} {[%emt 00:00:42]} Re3 {[%clk 00:01:44]}
{[%emt 00:00:42]} 79. Kf2 {[%clk 00:03:56]} {[%emt 00:01:07]} Rf3+ {[%clk
00:01:51]} {[%emt 00:00:24]} 80. Kg1 {[%clk 00:04:19]} {[%emt 00:00:07]} Kh3
{[%clk 00:01:57]} {[%emt 00:00:24]} 81. Rb2 {[%clk 00:04:23]} {[%emt 00:00:26]}
Rg3+ {[%clk 00:01:25]} {[%emt 00:01:02]} 0-1

[Event "ODJM B 2024"]
[Site "Willingen GER"]
[Date "2024.05.22"]
[Round "6"]
[White "Wilmink, Luca"]
[Black "Briese, Paul"]
[Result "1-0"]
[Termination "normal"]
[Board "31"]
[WhiteElo "1737"]
[BlackElo "1625"]
[WhiteClock "00:49:15"]
[BlackClock "00:27:15"]
[PlyCount "93"]
[WhiteFideId "16245253"]
[BlackFideId "16273826"]
[EventCountry "GER"]
[EventRounds "9"]
[EventType "swiss"]
[EventDate "2024.05.18"]

1. e4 {[%clk 01:30:56]} {[%emt 00:00:02]} e5 {[%clk 01:30:56]} {[%emt
00:00:04]} 2. Nf3 {[%clk 01:31:06]} {[%emt 00:00:20]} Nc6 {[%clk 01:31:18]}
{[%emt 00:00:09]} 3. d4 {[%clk 01:30:42]} {[%emt 00:00:53]} exd4 {[%clk
01:31:21]} {[%emt 00:00:28]} 4. Bc4 {[%clk 01:30:29]} {[%emt 00:00:43]} Nf6
{[%clk 01:28:26]} {[%emt 00:03:25]} 5. O-O {[%clk 01:30:45]} {[%emt 00:00:13]}
d6 {[%clk 01:21:08]} {[%emt 00:07:49]} 6. Nxd4 {[%clk 01:25:47]} {[%emt
00:05:27]} Ne5 {[%clk 01:12:33]} {[%emt 00:09:05]} 7. Bb3 {[%clk 01:23:18]}
{[%emt 00:03:00]} c5 {[%clk 01:10:37]} {[%emt 00:02:26]} 8. Nf3 {[%clk
01:15:30]} {[%emt 00:08:17]} Bg4 {[%clk 01:07:51]} {[%emt 00:03:16]} 9. Ba4+
{[%clk 01:12:42]} {[%emt 00:03:18]} Nfd7 {[%clk 01:07:01]} {[%emt 00:01:19]}
10. Bxd7+ {[%clk 01:08:14]} {[%emt 00:05:00]} Nxd7 {[%clk 01:02:01]} {[%emt
00:05:29]} 11. Bf4 {[%clk 01:06:53]} {[%emt 00:01:51]} Qf6 {[%clk 01:00:03]}
{[%emt 00:02:28]} 12. Qc1 {[%clk 01:01:53]} {[%emt 00:05:30]} Bxf3 {[%clk
00:59:14]} {[%emt 00:01:19]} 13. gxf3 {[%clk 01:02:05]} {[%emt 00:00:19]} Be7
{[%clk 00:52:40]} {[%emt 00:07:04]} 14. Nc3 {[%clk 01:01:45]} {[%emt 00:00:50]}
Nb6 {[%clk 00:51:22]} {[%emt 00:01:46]} 15. a4 {[%clk 00:58:55]} {[%emt
00:03:21]} a5 {[%clk 00:50:44]} {[%emt 00:01:09]} 16. Ra3 {[%clk 00:57:08]}
{[%emt 00:02:16]} c4 {[%clk 00:47:13]} {[%emt 00:04:02]} 17. Be3 {[%clk
00:53:19]} {[%emt 00:04:18]} d5 {[%clk 00:46:04]} {[%emt 00:01:39]} 18. Bxb6
{[%clk 00:51:24]} {[%emt 00:02:25]} Bxa3 {[%clk 00:43:02]} {[%emt 00:03:33]}
19. Nxd5 {[%clk 00:51:36]} {[%emt 00:00:18]} Qg6+ {[%clk 00:42:11]} {[%emt
00:01:20]} 20. Kh1 {[%clk 00:51:54]} {[%emt 00:00:12]} Bd6 {[%clk 00:41:37]}
{[%emt 00:01:03]} 21. e5 {[%clk 00:47:56]} {[%emt 00:04:30]} Qh5 {[%clk
00:39:14]} {[%emt 00:02:53]} 22. Qe3 {[%clk 00:43:22]} {[%emt 00:05:02]} O-O
{[%clk 00:34:00]} {[%emt 00:05:46]} 23. f4 {[%clk 00:42:00]} {[%emt 00:01:52]}
Rfe8 {[%clk 00:28:03]} {[%emt 00:06:26]} 24. Rg1 {[%clk 00:40:23]} {[%emt
00:02:07]} Kh8 {[%clk 00:22:24]} {[%emt 00:06:09]} 25. Qg3 {[%clk 00:39:36]}
{[%emt 00:01:17]} Rg8 {[%clk 00:18:16]} {[%emt 00:04:39]} 26. Qg2 {[%clk
00:39:15]} {[%emt 00:00:49]} Bf8 {[%clk 00:17:49]} {[%emt 00:00:58]} 27. Nf6
{[%clk 00:39:04]} {[%emt 00:00:41]} Qf5 {[%clk 00:15:54]} {[%emt 00:02:23]} 28.
Nxg8 {[%clk 00:38:31]} {[%emt 00:01:05]} Kxg8 {[%clk 00:14:31]} {[%emt
00:01:52]} 29. Bc5 {[%clk 00:35:48]} {[%emt 00:03:14]} g6 {[%clk 00:13:29]}
{[%emt 00:01:33]} 30. Bxf8 {[%clk 00:35:45]} {[%emt 00:00:33]} Rxf8 {[%clk
00:13:41]} {[%emt 00:00:17]} 31. Qg5 {[%clk 00:25:45]} {[%emt 00:10:30]} Qxg5
{[%clk 00:10:29]} {[%emt 00:03:43]} 32. fxg5 {[%clk 00:25:44]} {[%emt
00:00:30]} Rd8 {[%clk 00:10:49]} {[%emt 00:00:10]} 33. Rg4 {[%clk 00:25:03]}
{[%emt 00:01:11]} Rd2 {[%clk 00:08:33]} {[%emt 00:02:46]} 34. Rxc4 {[%clk
00:24:35]} {[%emt 00:00:58]} Rxf2 {[%clk 00:08:25]} {[%emt 00:00:39]} 35. Rc8+
{[%clk 00:24:47]} {[%emt 00:00:17]} Kg7 {[%clk 00:08:48]} {[%emt 00:00:07]} 36.
Rc7 {[%clk 00:25:10]} {[%emt 00:00:08]} Rf5 {[%clk 00:08:03]} {[%emt 00:01:14]}
37. e6 {[%clk 00:23:27]} {[%emt 00:02:13]} Rxg5 {[%clk 00:02:36]} {[%emt
00:05:57]} 38. Rxf7+ {[%clk 00:23:17]} {[%emt 00:00:40]} Kg8 {[%clk 00:02:46]}
{[%emt 00:00:20]} 39. Rxb7 {[%clk 00:23:40]} {[%emt 00:00:08]} Re5 {[%clk
00:02:29]} {[%emt 00:00:46]} 40. e7 {[%clk 00:22:47]} {[%emt 00:01:22]} Kf7
{[%clk 00:02:23]} {[%emt 00:00:36]} 41. c3 {[%clk 00:22:58]} {[%emt 00:00:20]}
Re2 {[%clk 00:29:36]} {[%emt 00:03:17]} 42. b4 {[%clk 00:52:27]} {[%emt
00:01:02]} Rb2 {[%clk 00:28:13]} {[%emt 00:01:53]} 43. b5 {[%clk 00:47:50]}
{[%emt 00:05:07]} Ra2 {[%clk 00:27:00]} {[%emt 00:01:43]} 44. b6 {[%clk
00:48:14]} {[%emt 00:00:06]} Rxa4 {[%clk 00:26:49]} {[%emt 00:00:40]} 45. Rc7
{[%clk 00:48:36]} {[%emt 00:00:08]} Ra1+ {[%clk 00:27:06]} {[%emt 00:00:14]}
46. Kg2 {[%clk 00:48:51]} {[%emt 00:00:14]} Rb1 {[%clk 00:27:15]} {[%emt
00:00:21]} 47. b7 {[%clk 00:49:15]} {[%emt 00:00:06]} 1-0

[Event "ODJM B 2024"]
[Site "Willingen GER"]
[Date "2024.05.22"]
[Round "6"]
[White "Ott, Claudius"]
[Black "Müller, Maximilian"]
[Result "0-1"]
[Termination "normal"]
[Board "33"]
[WhiteElo "1674"]
[BlackElo "1583"]
[WhiteClock "01:09:33"]
[BlackClock "01:27:02"]
[PlyCount "48"]
[WhiteFideId "34621024"]
[BlackFideId "34640282"]
[EventCountry "GER"]
[EventRounds "9"]
[EventType "swiss"]
[EventDate "2024.05.18"]

1. e4 {[%clk 01:30:59]} c5 {[%clk 01:30:52]} {[%emt 00:00:09]} 2. Nf3 {[%clk
01:31:01]} {[%emt 00:00:27]} d6 {[%clk 01:31:16]} {[%emt 00:00:06]} 3. d4
{[%clk 01:29:48]} {[%emt 00:01:44]} cxd4 {[%clk 01:31:40]} {[%emt 00:00:06]} 4.
Nxd4 {[%clk 01:30:15]} {[%emt 00:00:03]} Nf6 {[%clk 01:31:56]} {[%emt
00:00:13]} 5. Nc3 {[%clk 01:30:43]} {[%emt 00:00:03]} g6 {[%clk 01:32:19]}
{[%emt 00:00:07]} 6. Be3 {[%clk 01:31:04]} {[%emt 00:00:09]} Bg7 {[%clk
01:32:43]} {[%emt 00:00:05]} 7. Qd2 {[%clk 01:31:29]} {[%emt 00:00:06]} Nc6
{[%clk 01:33:06]} {[%emt 00:00:07]} 8. f3 {[%clk 01:31:54]} {[%emt 00:00:05]}
O-O {[%clk 01:33:29]} {[%emt 00:00:07]} 9. O-O-O {[%clk 01:32:14]} {[%emt
00:00:10]} d5 {[%clk 01:33:25]} {[%emt 00:00:34]} 10. Nxc6 {[%clk 01:30:57]}
{[%emt 00:01:46]} bxc6 {[%clk 01:33:48]} {[%emt 00:00:07]} 11. exd5 {[%clk
01:31:22]} {[%emt 00:00:06]} cxd5 {[%clk 01:34:11]} {[%emt 00:00:07]} 12. Nxd5
{[%clk 01:31:24]} {[%emt 00:00:27]} Nxd5 {[%clk 01:34:35]} {[%emt 00:00:07]}
13. Qxd5 {[%clk 01:31:50]} {[%emt 00:00:04]} Qc7 {[%clk 01:34:52]} {[%emt
00:00:13]} 14. Qc4 {[%clk 01:26:33]} {[%emt 00:05:46]} Qb7 {[%clk 01:33:34]}
{[%emt 00:01:48]} 15. Qb3 {[%clk 01:23:53]} {[%emt 00:03:10]} Qc7 {[%clk
01:32:41]} {[%emt 00:01:22]} 16. Bd4 {[%clk 01:19:07]} {[%emt 00:05:17]} Rb8
{[%clk 01:31:32]} {[%emt 00:01:39]} 17. Qc4 {[%clk 01:18:25]} {[%emt 00:01:12]}
Qf4+ {[%clk 01:30:28]} {[%emt 00:01:35]} 18. Kb1 {[%clk 01:17:12]} {[%emt
00:01:43]} Rd8 {[%clk 01:28:27]} {[%emt 00:02:30]} 19. c3 {[%clk 01:16:28]}
{[%emt 00:01:15]} e5 {[%clk 01:26:51]} {[%emt 00:02:05]} 20. g3 {[%clk
01:16:16]} {[%emt 00:00:42]} Qxf3 {[%clk 01:26:16]} {[%emt 00:01:04]} 21. Be2
{[%clk 01:16:37]} {[%emt 00:00:10]} Qb7 {[%clk 01:26:28]} {[%emt 00:00:18]} 22.
Bb6 {[%clk 01:12:02]} {[%emt 00:05:05]} Rxd1+ {[%clk 01:26:39]} {[%emt
00:00:19]} 23. Rxd1 {[%clk 01:12:23]} {[%emt 00:00:09]} Qxb6 {[%clk 01:27:02]}
{[%emt 00:00:07]} 24. g4 {[%clk 01:09:33]} {[%emt 00:03:21]} Qxb2# {[%emt
00:00:11]} 0-1